Jubileum Československej plavby dunajskej

Bibliographic Details
Main Author: Maderová, Alena (Author)
Format: Article
Language:Slovak
Subjects:

MARC

LEADER 00000nab a2200000 a 4500
001 vtls000135630
003 SK-MaSNL
005 20260303025511.0
008 111104c1982 xo 0 slo
015 |a SNBRB19rr/mm-uuuuu 
035 |a CL0145736 
040 |a SNKBUCL  |b slo  |c SNKBUCL  |e AACR2 
041 0 |a slo 
044 |a xo  |c SK 
080 |a 656.6  |2 1981 
100 1 |a Maderová, Alena  |4 aut  |9 1009977 
245 1 0 |a Jubileum Československej plavby dunajskej  |c Alena Maderová 
300 |b Obr. 2. 
650 0 7 |a doprava vodná  |2 snkbucl  |9 898781 
650 0 7 |a Československá plavba dunajská, Bratislava  |2 snkbucl  |9 943732 
651 7 |a 5100  |2 snkbucl  |9 166206 
655 7 |a články z novín a časopisov  |2 snkbucl  |9 267496 
773 0 |t Sloboda  |g Roč. 37, č. 36 (1982), s. 11 
850 |a Slovenská národná knižnica v Martine  |a MTA001 
852 |a SNK  |b KIS3GCP 
958 |a RK 
992 |a RBX 
999 |c 1646708  |d 1648638